| 000 | 00642nam a2200205 a 4500 | ||
|---|---|---|---|
| 005 | 20240919064324.0 | ||
| 008 | 991125s1978 mx 000 0 spa u | ||
| 020 | _a9682301025 | ||
| 035 | _aUPN01000011670 | ||
| 049 | _aCG | ||
| 050 | 4 |
_aHB3711 _bM6.28 |
|
| 100 | 1 | _aMoszkowska, Natalie | |
| 245 | 1 | 0 |
_aContribución a la crítica de las teorías modernas de las crisis / _cNatalie Moszkowska ; tr. José Aricó. |
| 260 |
_aMéxico : _bPasado y Presente : _bSiglo XXI, _c1978. |
||
| 300 | _a111 p. | ||
| 440 | 0 |
_aCuadernos de pasado y presente ; _v50 |
|
| 650 | 4 |
_aCICLOS ECONOMICOS _99642 |
|
| 650 | 4 |
_aEconomía _911541 |
|
| 905 | _aLibro | ||
| 999 |
_c11670 _d11670 |
||